Online
Catalog

Obras escogidas en dos tomos / (Record no. 34296)

MARC details
000 -CABECERA
campo de control de longitud fija 00665nam a2200193 a 4500
001 - NÚMERO DE CONTROL
campo de control 000034805
005 - FECHA Y HORA DE LA ÚLTIMA TRANSACCIÓN
campo de control 20210409103434.0
008 - DATOS DE LONGITUD FIJA--INFORMACIÓN GENERAL
campo de control de longitud fija 111020s1955 ru 000 0 spa d
040 ## - FUENTE DE LA CATALOGACIÓN
Centro catalogador/agencia de origen DO-SdBNP
Lengua de catalogación spa
Centro/agencia transcriptor BNPHU
082 ## - NÚMERO DE LA CLASIFICACIÓN DECIMAL DEWEY
Número de clasificación xxxx
Número de documento/Ítem M392o
049 ## - FONDOS LOCALES (OCLC)
Fondos de biblioteca BNGR
100 1# - ENTRADA PRINCIPAL--NOMBRE DE PERSONA
Nombre de persona Marx, Carlos,
Fechas asociadas al nombre 1818-1883
9 (RLIN) 5975
245 10 - MENCIÓN DE TÍTULO
Título Obras escogidas en dos tomos /
Mención de responsabilidad, etc. Carlos Marx, Federico Engels.
260 ## - PUBLICACIÓN, DISTRIBUCIÓN, ETC.
Lugar de publicación, distribución, etc. Muscú :
Nombre del editor, distribuidor, etc. Progreso,
Fecha de publicación, distribución, etc. 1955.
300 ## - DESCRIPCIÓN FÍSICA
Extensión 2 v. ;
Dimensiones 21 cm.
504 ## - NOTA DE BIBLIOGRAFÍA, ETC.
Nota de bibliografía, etc. Incluye referencias bibliográficas y notas al pie de las páginas.
590 ## - NOTA LOCAL (RLIN)
Nota local Perteneció a la biblioteca personal de Juan Isidro Jimenes Grullón
700 #2 - PUNTO DE ACCESO ADICIONAL--NOMBRE DE PERSONA
Nombre de persona Engels, Federico,
Fechas asociadas al nombre 1820-1895
9 (RLIN) 60043
Holdings
Estado de retiro Estado de pérdida Restricciones de uso No para préstamo Código de colección Localización permanente Ubicación/localización actual Ubicación en estantería Fecha de adquisición Número de inventario Total de préstamos Signatura topográfica completa Código de barras Fecha visto por última vez Precio válido a partir de Tipo de ítem Koha Nota pública
      Excluido de préstamo Monografías: Libros y Folletos General General En catalogación 20.10.2011 LF1   v. 1 34805-10 25.06.2020 25.06.2020 No se presta Perteneció a la biblioteca personal de Juan Isidro Jimenes Grullón
      Excluido de préstamo Monografías: Libros y Folletos General General En catalogación 04.11.2011 LF1   v. 2 34805-20 25.06.2020 25.06.2020 No se presta Perteneció a la biblioteca personal de Juan Isidro Jimenes Grullón

Powered by Koha